00340nam a2200109Ia 4500008004100000040001700041041001200058082001500070245008400085260004100169300002000210230917s9999||||xx |||||||||||||| ||und|| e142055aMAIN aEnglish a342.7 H88H 0aHuman rights and humanitarian law: Developments in Indian and International law aDelhibOxford University Pressc2008 axxxviii, 479 p.